Statistics for Movie by Actor and Character #1

Click here to take the quiz!

General Stats

  • This quiz has been taken 14 times
  • The average score is 4 of 10

Answer Stats

DirectorYear Movie Was ReleasedCharacter Played by That Actor/ActressActor/ActressAnswer% Correct
Steven Spielberg1975Police Chief Martin BrodyRoy ScheiderJaws
92%
Martin Scorsese2006Billy CostiganLeonardo DiCaprioThe Departed
69%
Quentin Tarantino2003Beatrix Kiddo/The BrideUma ThurmanKill Bill: Volume 1
46%
Peter Segal1995Thomas "Tommy" Callahan IIIChris FarleyTommy Boy
38%
Tom Shadyac1997Fletcher ReedeJim CarreyLiar Liar
31%
Ivan Reitman1981John WingerBill MurrayStripes
31%
Adam McKay2010Detective Allen ¨Gator¨ GambleWill FerrellThe Other Guys
31%
Tony Scott1991Joseph "Joe" Cornelius HallenbeckBruce WillisThe Last Boy Scout
15%
Michael Moore1995Bud BoomerJohn CandyCanadian Bacon
0%
Sean Anders2015Dusty MayronMark WahlbergDaddy's Home
0%

Score Distribution

Percentile by Number Answered

Percent of People with Each Score

Your Score History

You have not taken this quiz